| 000 | 00736cab a2200241 4500 | ||
|---|---|---|---|
| 001 | ABS53520 | ||
| 008 | 090401t1995 xxu||||| |||| 00| 0 eng d | ||
| 035 | _a(Sirsi) u4890 | ||
| 041 | _aeng | ||
| 100 | _aSendrove, D. | ||
| 245 | _aAuctioning leases | ||
| 260 | _c1995 | ||
| 350 | _a0 | ||
| 490 |
_aValuer (ISVA) _v64(8) 28 September 1995, 9(1) |
||
| 520 | _aProposes a new system of `letting auctions` where occupiers bid for short leaseholds in vacant properties as a means of dealing with unwanted leases liabilities. | ||
| 650 |
_aAuctioneering _96218 |
||
| 650 | _aSMALL BUSINESSES | ||
| 650 | _aUNLETTABLE PROPERTY | ||
| 650 | _aVACANT PROPERTY | ||
| 690 |
_aAuctioneering _96218 |
||
| 942 | _n0 | ||
| 948 | _c04/03/1997 | ||
| 999 |
_c2956 _d2956 |
||